| 000 | 02045nam a2200457 c 4500 | ||
|---|---|---|---|
| 999 |
_c195744 _d195744 |
||
| 003 | BLK | ||
| 005 | 20230714125408.0 | ||
| 008 | 180411b bul|||||r ||||||| ||bul|| | ||
| 010 | _aKNG00204998000 | ||
| 040 | _aBLK | ||
| 041 |
_aBUL _cBUL |
||
| 072 | 7 |
_2bullib _aА _xФонд Михаил Арнаудов |
|
| 072 | 7 |
_2bullib _aЯ _xАвтографи |
|
| 080 |
_aОрганизация на възпитанието и образованието. Училищно дело. _b37.09 _x(497.2-21)(091) _z37.09(497.2-21)(091) |
||
| 139 |
_aДаскалов, Богомил Христов _bД 24 |
||
| 245 | 1 | 0 |
_aТревненското училище 1836-1936 г. _bПо случай 100-годишнината му : По записките на Хр. Н. Даскалов _cнаписа Богомил Христов Даскалов. |
| 257 | _aBGR | ||
| 260 |
_bТревнен. нар. осн. у-ще П. Р. Славейков _c1936 _fТрявна : Б. Ненков |
||
| 300 |
_a80 с. _c20 см |
||
| 380 | _a3 | ||
| 490 | 1 |
_aТрявна в миналото _v9 |
|
| 490 |
_aЧастна колекция - Академик Михаил Арнаудов _9396381 _gДарение - Основен фонд |
||
| 500 | _aМека подв. | ||
| 500 | _aАвтограф с текст: На Г-н Проф. М. Арнаудов в знак на почитание от автора Б Даскалов 12. V. 1937 Трявна. | ||
| 650 | 4 |
_aУчилища - България - история _9244251 |
|
| 651 | 4 |
_aТрявна _9281221 |
|
| 653 | _aобразование | ||
| 653 | _aучилища | ||
| 659 | _aА | ||
| 659 | _aЯ | ||
| 700 |
_aДаскалов, Богомил Христов _d1876-1944 _9385468 |
||
| 852 |
_aМА 262 _bМА |
||
| 856 | 4 | _qpdf | |
| 856 | 4 | _qpdf | |
| 942 |
_cKNG _n0 _s1 |
||
| 944 |
_aCR _c12.04.2017 _k30529 _lДиана Гривева |
||
| 944 |
_aED _c12.04.2017 _kГеновева_Генчева |
||
| 999 | _d195744 | ||
| 999 | _d195744 | ||
| 999 | _d195744 | ||